000 00377nam a22001577a 4500
005 20200527095043.0
008 200527b xxu||||| |||| 00| 0 eng d
041 _aeng
082 _a340
100 _aBARE ACT
_95744
245 _aTHE ELECTRICITY ACT ,2003 (36-2003)
260 _aDELHI
_bPROFESSIONAL BOOK PUBLISHERS
300 _a199;p
650 _aLAW
_95701
942 _cBK
999 _c6518
_d6516